Fenomén Samizdat
| Titel: | Fenomén Samizdat / zostavila L'udmila Pastierová |
|---|---|
| Verfasser: | |
| Beteiligt: | ; ; |
| Ausgabe: | Vydanie prvé |
| Veröffentlicht: |
Bratislava : F. R. & G., 2022 Ivanka pri Dunaji : F.R.&G., 2022 |
| Umfang: | 262 Seiten : Illustrationen, Faksimiles ; 25 cm |
| Format: | Buch |
| Sprache: | Slowakisch |
| Schriftenreihe/ mehrbändiges Werk: |
Edícia Knižnica Olega Pastiera |
| RVK-Notation: |
·
·
|
| ISBN: | 9788089499571 |
| Hinweise zum Inhalt: |
Inhaltsverzeichnis
Cover |
alg: 50823975 001A $03004:01-06-23 001B $01999:10-12-24 $t07:50:49.000 001D $03004:24-07-23 001U $0utf8 001X $00 002@ $0Aau 002C $aText $btxt $2rdacontent 002D $aohne Hilfsmittel zu benutzen $bn $2rdamedia 002E $aBand $bnc $2rdacarrier 003@ $0508239753 004A $A978-80-89499-57-1 006C $01376415122 $aOCoLC 007A $0BV048829727 $aBVB 007G $0DE020432575E7F0A898B1C12589F700498D46 009P $qapplication/pdf $A2 $3Inhaltsverzeichnis $uhttp://scans.hebis.de/HEBCGI/show.pl?50823975_toc.pdf $mV:DE-603;B:DE-Mb50 009P $qapplication/pdf $A2 $3Cover $uhttp://scans.hebis.de/HEBCGI/show.pl?50823975_cov.pdf $mV:DE-603;B:DE-Mb50 010@ $aslo 010E $erda 011@ $a2022 $n2022 021A $aFenomén Samizdat $hzostavila L'udmila Pastierová 028A $BZusammenstellender $4com $8Pastierová, L'udmila [Tnu] $9509887406 028C $BWidmungsempfänger $4dte $8Petřivý, Tomáš$Z1955-1986 [Tp1] $9509887902 028C $BWidmungsempfänger $4dte $7137123116 $8Kalný, Igor$Z1957-1987 [Tp1] $9208373985 028C $BWidmungsempfänger $#Archleb, Vladimír "Rachel" $#Archleb, Vladimír Rachel $#Archleb, Vlado $4dte $71160959315 $8Archleb, Vladimír$Z1953-2007 [Tp3] $9432512578 032@ $aVydanie prvé 033A $pBratislava $nF. R. & G. 033A $pIvanka pri Dunaji $nF.R.&G. 034D $a262 Seiten 034I $a25 cm 034M $aIllustrationen, Faksimiles 036G $aEdícia Knižnica Olega Pastiera 037A $aLiteraturverzeichnis Seite 261-262 044A $a20th century $S#0 $N653 044A $aLiterary history $S#0 $N653 044A $aRelation to the state $S#0 $N653 044A $aSlovakia $S#0 $N653 044K $RTschechoslowakei $RTschechoslowakei $#Slowakei $#Slowakei $#Slowakische Republik $#Oberungarn $#Slovensko $#Slovenská Republika $#Slovenská SR $#SSR $#Slovakia $#Slovaquie $#Slovak Republic $#République Slovaque $#Slovenská Socialistická Republika $#Slowakische Sozialistische Republik $#Slovak Socialist Republic $#République Socialiste Slovaque $74055297-4 $8Slowakei [Tg1] $9085153834 044K $RUntergrundpublizistik $#Samisdat-Literatur $#Samizdat $74130988-1 $8Samisdat [Ts1] $9085465429 045F $a070.9 $eDDC23BSB 045F/01 $a070.9 045F/03 $f09048 045F/03 $g4373 045R $aGeschichte 1980-1989 045T $aOST $qDE-12 $2FID 045Z $8KU 4745 [Tkv] $9409343234 045Z $8KU 4260 [Tkv] $9409342386 045Z $8KU 4015 [Tkv] $9409341991 lok: 50823975 24 exp: 50823975 24 1 #EPN 201B/01 $024-07-23 $t14:27:52.000 201C/01 $001-06-23 201U/01 $0utf8 203@/01 $01234719606 208@/01 $a24-07-23 $bz 209A/01 $a23.02021 $du $f050 $h23 02021 $x00 209C/01 $a23.02021 K $h23 02021 K 209G/01 $a74279864 $x00 220C/01 $akoe 247C/01 $8358050-7Marburg, Bibliothek des Herder-Instituts Marburg $9102600961
| LEADER | 00000cam a2200000 c 4500 | ||
|---|---|---|---|
| 001 | 508239753 | ||
| 003 | DE-603 | ||
| 005 | 20241210075049.0 | ||
| 007 | tu | ||
| 008 | 230601s2022 xx |||| | u00||u|slo c | ||
| 020 | |a 9788089499571 | ||
| 035 | |a (DE-599)BVBBV048829727 | ||
| 040 | |a DE-603 |b ger |c DE-603 |d DE-603 |e rda | ||
| 041 | |a slo | ||
| 082 | 0 | 4 | |8 1\u |a 070.9 |q DE-101 |2 23/BSB |
| 084 | |a OST |q DE-12 |2 fid | ||
| 084 | |a KU 4745 |0 (DE-625)85432: |0 (DE-603)409343234 |2 rvk | ||
| 084 | |a KU 4260 |0 (DE-625)85347: |0 (DE-603)409342386 |2 rvk | ||
| 084 | |a KU 4015 |0 (DE-625)85308: |0 (DE-603)409341991 |2 rvk | ||
| 085 | |8 1\u |b 070.9 | ||
| 085 | |8 1\u |z 1 |s 09048 | ||
| 085 | |8 1\u |z 2 |s 4373 | ||
| 100 | 1 | |a Pastierová, L'udmila |e Zusammenstellender |4 com |0 (DE-603)509887406 | |
| 245 | 0 | 0 | |a Fenomén Samizdat |c zostavila L'udmila Pastierová |
| 250 | |a Vydanie prvé | ||
| 264 | 1 | |a Bratislava |b F. R. & G. |c 2022 | |
| 264 | 1 | |a Ivanka pri Dunaji |b F.R.&G. |c 2022 | |
| 300 | |a 262 Seiten |b Illustrationen, Faksimiles |c 25 cm | ||
| 336 | |a Text |b txt |2 rdacontent | ||
| 337 | |a ohne Hilfsmittel zu benutzen |b n |2 rdamedia | ||
| 338 | |a Band |b nc |2 rdacarrier | ||
| 490 | 0 | |a Edícia Knižnica Olega Pastiera | |
| 500 | |a Literaturverzeichnis Seite 261-262 | ||
| 648 | 7 | |a Geschichte 1980-1989 |2 gnd | |
| 650 | 7 | |a Samisdat |0 (DE-588)4130988-1 |0 (DE-603)085465429 |2 gnd | |
| 651 | 7 | |a Slowakei |0 (DE-588)4055297-4 |0 (DE-603)085153834 |2 gnd | |
| 700 | 1 | |a Petřivý, Tomáš |d 1955-1986 |e Widmungsempfänger |4 dte |0 (DE-603)509887902 |0 (DE-588)1297166981 |2 gnd | |
| 700 | 1 | |a Kalný, Igor |d 1957-1987 |e Widmungsempfänger |4 dte |0 (DE-603)208373985 |0 (DE-588)137123116 |2 gnd | |
| 700 | 1 | |a Archleb, Vladimír |d 1953-2007 |e Widmungsempfänger |4 dte |0 (DE-603)432512578 |0 (DE-588)1160959315 |2 gnd | |
| 856 | 4 | 2 | |m V:DE-603;B:DE-Mb50 |q application/pdf |u http://scans.hebis.de/HEBCGI/show.pl?50823975_toc.pdf |3 Inhaltsverzeichnis |
| 856 | 4 | 2 | |m V:DE-603;B:DE-Mb50 |q application/pdf |u http://scans.hebis.de/HEBCGI/show.pl?50823975_cov.pdf |3 Cover |
| 924 | 0 | |9 Mb 50 |a (DE-603)1234719606 |b DE-Mb50 |c HES |d c |g 23.02021 | |


